Alle deutschen Nationalspieler unter Joachim Löw - Statistiken

Allgemein
  • Dieses Quiz wurde 418 mal gespielt
  • Das Durchschnittsergebnis liegt bei 76 aus 139
Antwortstatistiken
Länderspiele Position Spieler % Korrekt
104 Torwart Manuel Neuer
100%
2 Mittelfeld Nicolai Müller
98%
106 Sturm Thomas Müller
98%
88 Abwehr Philipp Lahm
97%
75 Sturm Miroslav Klose
96%
106 Mittelfeld Toni Kroos
96%
86 Mittelfeld Bastian Schweinsteiger
95%
98 Sturm Lukas Podolski
94%
63 Mittelfeld Mario Götze
93%
76 Abwehr Jerome Boateng
92%
76 Abwehr Mats Hummels
92%
92 Mittelfeld Mesut Özil
91%
59 Abwehr/Mittelfeld Joshua Kimmich
90%
25 Torwart Marc-Andre ter Stegen
90%
77 Mittelfeld Sami Khedira
90%
57 Sturm Andre Schürrle
89%
78 Sturm Mario Gomez
89%
44 Abwehr Benedikt Höwedes
86%
75 Abwehr Per Mertesacker
85%
29 Mittelfeld Sebastian Rudy
85%
34 Sturm Leroy Sane
83%
5 Torwart Roman Weidenfeller
83%
44 Mittelfeld Marco Reus
82%
26 Sturm Serge Gnabry
81%
35 Mittelfeld Leon Goretzka
80%
45 Abwehr Antonio Rüdiger
79%
56 Mittelfeld Julian Draxler
78%
6 Torwart Ron-Robert Zieler
78%
42 Sturm Timo Werner
77%
12 Mittelfeld Christoph Kramer
76%
18 Mittelfeld/Sturm Kai Havertz
76%
6 Abwehr Kevin Großkreutz
76%
49 Mittelfeld Ilkay Gündogan
75%
5 Mittelfeld Jamal Musiala
75%
28 Mittelfeld Michael Ballack
75%
8 Torwart Bernd Leno
73%
7 Abwehr Erik Durm
73%
23 Torwart Jens Lehmann
73%
44 Abwehr Matthias Ginter
73%
5 Torwart Kevin Trapp
71%
12 Torwart Rene Adler
70%
20 Abwehr Shkodran Mustafi
70%
35 Mittelfeld Julian Brandt
67%
13 Abwehr Jonathan Tah
65%
40 Abwehr Arne Friedrich
64%
32 Abwehr Niklas Süle
64%
37 Mittelfeld Emre Can
63%
9 Abwehr Manuel Friedrich
63%
16 Abwehr Marcel Schmelzer
63%
6 Sturm Stefan Kießling
63%
6 Torwart Tim Wiese
62%
21 Mittelfeld Torsten Frings
62%
19 Mittelfeld Lars Bender
61%
7 Mittelfeld Sven Bender
61%
43 Abwehr Jonas Hector
60%
13 Abwehr Lukas Klostermann
60%
23 Sturm Cacau
59%
3 Abwehr Christian Günter
58%
8 Sturm Sandro Wagner
58%
31 Abwehr Holger Badstuber
57%
1 Torwart Hans Jörg Butt
55%
11 Sturm David Odonkor
54%
37 Abwehr Marcell Jansen
54%
4 Mittelfeld Max Meyer
54%
10 Mittelfeld Bernd Schneider
53%
13 Sturm Kevin Volland
53%
9 Abwehr Marcel Halstenberg
53%
19 Abwehr Christoph Metzelder
52%
7 Abwehr Marvin Plattenhardt
52%
7 Sturm Oliver Neuville
52%
8 Torwart Robert Enke
52%
17 Sturm Kevin Kuranyi
50%
11 Abwehr Robin Gosens
50%
27 Abwehr Heiko Westermann
49%
16 Mittelfeld Marko Marin
49%
7 Mittelfeld Tim Borowski
49%
35 Mittelfeld Piotr Trochowski
48%
4 Torwart Timo Hildebrand
48%
1 Sturm Andre Hahn
47%
14 Sturm Max Kruse
47%
1 Mittelfeld Maximilian Arnold
46%
36 Mittelfeld Thomas Hitzlsperger
46%
12 Abwehr Dennis Aogo
45%
5 Abwehr Benjamin Henrichs
44%
11 Mittelfeld Lars Stindl
44%
2 Sturm Nils Petersen
44%
1 Mittelfeld Tobias Weis
44%
5 Mittelfeld Nadiem Amiri
43%
14 Abwehr Serdar Tasci
43%
9 Abwehr Andreas Beck
42%
1 Abwehr Christian Schulz
42%
2 Sturm Gerald Asamoah
42%
11 Sturm Karim Bellarabi
42%
3 Mittelfeld Lewis Holtby
42%
12 Abwehr Nico Schulz
42%
26 Mittelfeld Simon Rolfes
42%
3 Mittelfeld Jonas Hofmann
41%
8 Abwehr Robin Koch
41%
2 Mittelfeld Patrick Herrmann
40%
9 Abwehr Thilo Kehrer
40%
22 Mittelfeld Clemens Fritz
37%
2 Mittelfeld Kerem Demirbay
37%
5 Sturm Mike Hanke
37%
6 Mittelfeld Florian Neuhaus
36%
13 Sturm Patrick Helmes
36%
1 Sturm Mark Uth
35%
5 Mittelfeld Gonzalo Castro
34%
5 Mittelfeld Julian Weigl
34%
5 Mittelfeld Christian Gentner
33%
1 Abwehr Jens Nowotny
33%
2 Abwehr Robert Huth
33%
8 Abwehr Marcel Schäfer
32%
3 Mittelfeld Jan Schlaudraff
31%
8 Mittelfeld Amin Younes
30%
7 Sturm Luca Waldschmidt
30%
1 Abwehr Marvin Compper
30%
2 Abwehr Niklas Stark
30%
2 Abwehr Christian Pander
29%
1 Abwehr Sebastian Jung
29%
5 Sturm Sidney Sam
29%
1 Mittelfeld Yannick Gerhardt
29%
10 Abwehr Christian Träsch
28%
1 Abwehr Oliver Sorg
27%
8 Abwehr Roberto Hilbert
27%
3 Mittelfeld Jermaine Jones
26%
3 Abwehr Philipp Max
26%
1 Abwehr Ridle Baku
26%
1 Mittelfeld Diego Demme
25%
3 Mittelfeld Aaron Hunt
24%
2 Abwehr Sascha Riether
24%
4 Abwehr Andreas Hinkel
23%
2 Abwehr Roman Neustädter
23%
3 Mittelfeld Stefan Reinartz
23%
4 Mittelfeld Suat Serdar
23%
2 Abwehr Alexander Madlung
22%
2 Mittelfeld Mahmoud Dahoud
22%
1 Mittelfeld Paul Freier
19%
2 Abwehr Malik Fathi
18%
2 Abwehr Philipp Wollscheid
18%
Keine übereinstimmenden Quizze gefunden
Verteilung der Resultate
Anzahl Personen mit jedem Resultat
Perzentil nach korrekt beantworteten Fragen
Ihre Resultats-Entwicklung
Sie haben dieses Quiz noch nicht gespielt